01017nam a2200265 a 450000100100000000500170001000800410002704000130006808200190008110000350010024501040013526000360023930000280027550400320030359000270033565000280036265000400039065000450043065000370047565000290051265000380054191000410057995201160062099900150073600000757920260202091015.0090909s1987 dr a 000 0 spa d aDO-SdBNP a658.3145bO96h1 aOvalle, Lucía,d1975-92103310aHacia una comprensión de las relaciones humanas :bsu aplicación en el trabajo /cLucia Ovalle. aSanto Domingo :bTaller,c1987. a150 p. :bil. ;c20 cm. aBibliografía : p. 149-150 aInventariado, 2018/ YL 0aRelaciones humanas9606 4aComunicación interpersonal921034 4aConducta competitiva del personal921035 4aMotivación del empleado921036 4aTrabajo en equipo921037 4aConflictos interpersonales921038 aValidado. Control de calidad MMOLINA 0010718PDaPDbPDcHDd2009-09-09iLF1l0o658.3145 O96hp7579-10r2020-06-25w2020-06-25yLFPDZNo se presta c7359d7359